000 00263nam a2200097Ia 4500
001 1229451
005 20250827093102.0
008 250824s9999 xx 000 0 und d
245 0 _aFALAKA
_cÖMER SEYFETTİN
260 _bALTIN KİTAPLAR YAYINLARI
999 _c1229451
_d1229451